000 00534nam a2200181 a 4500
001 4148
005 20140414131931.0
008 090331s19uu xx 00 eng d
020 _a1-58185-011-5
050 _aREF 355.7
_bP31 1998
100 _aPeschke, Hans-Peter von
245 _aCastles /
_cby Hans-Peter von Peschke ; illustrated by Nikolay Smirnov.
260 _aNuremberg, Germany :
_bTessloff Pub.,
_cc1998.
300 _a48 p. : col. ill. ; 29 cm.
440 _aStart me up! ; v. 10
999 _c112203
_d112203